00774pab a2200121 454500008004000000100002500040245006200065260000900127300001300136520047100149650002100620773001100641180718b2002 xxu||||| |||| 00| 0 eng d aKirchgasner, Gebhard aOn the role of heroes in political and economic processes c2002 ap.179-95 aAfter discussing various approaches about heroic behaviour in the literature, we first define and classify moral behaviour, in distinction to intrinsically motivated and `prudent' behaviour. Then, we present some arguments on the function of heroic behaviour in a modern democratic society. We conclude with some remarks on methodological as well as social problems which arise or may arise if behaviour can not be influenced by extrinsic incentives. - Reproduced. aEconomic systems aKyklos